00834nam a2200229 a 4500001001000000003000400010005001700014008004100031020001500072040002500087082001600112100003300128245009000161260002700251300002100278500007300299504003100372710006000403942001300463952011300476999001500589000005221OSt20200929151619.0090818s1988 sp 000 0 spa d a8400068599 aDO-SdBNPbspacBNPHU axxxxbM385a1 aMartinell Gifre, Emma91490610aAspectos lingüisticos del descubrimiento y de la conquista /cEmma Martinell Gifre. aMadrid :bCSIC,c1988. a223 p. ;c21 cm. aIncluye referencias bibliográficas y notas al pie de las páginas aBibliografía : p.212-2231 aConsejo Superior de Investigaciones Científicas94786 2ddccLF1 001050718MOaGRbGRcHDd2009-08-18iLF1l0oxxxx M385ap5221-10r2020-06-25w2020-06-25y1ZNo se presta c5022d5022